LEADER 01381nam a2200289 i 4500 001 000000158130 003 CaOOAMICUS 005 20070130000000.0 008 070130s2006 it u000 u ita u 013 $a135493 020 $a88-8227-204-4 040 $aSeMil$bita 100 1 $aAllchin, Arthur Mac Donald <1930- >.$0(OLS)http://semarc/name/92479 245 10$aThomas Merton solitudine e comunione :$batti del Convegno internazionale di spiritualità, Bose, 9-10 ottobre 2004 /$cD. Allchin ... [et al.] ; a cura della Comunità monastica di Bose. 260 $aMagnano :$bQiqajon,$c2006. 300 $a131 p. ;$c21 cm. 490 0 $aSequela oggi 500 $aContiene : Bibliografia. 600 14$aMerton, Thomas <1915-1968>.$0(OLS)http://semarc/subject/8313 700 1 $aComunità Monastica di Bose .$0(OLS)http://semarc/name/3112 830 0$aSequela oggi.$0(OLS)http://semarc/title/9989 850 $aSeMil 852 $aSeMil$W1$xVenegono$y1$m2C III 479$j109796$B109796$CSeMilBibl$Z2$F119450 $81 961 $aAcquisto: Città Nuova (Agente) 996 $6020$a88-8227-204-4$9(OLS)http://semarc/number/73478 996 $6245$aThomas Merton solitudine e comunione :$batti del Convegno internazionale di spiritualità, Bose, 9-10 ottobre 2004$9(OLS)http://semarc/title/139355 996 $6260$aMagnano :$bQiqajon$9(OLS)http://semarc/publisher/32326 LEADER 00605nab a2200145 i 4500 001 000000270602 003 CaOOAMICUS 005 20090212000000.0 008 090212n xx uu u0 0und r 013 $a17296 040 $aSeMil$bita 245 13$aLe Mystère de la Trinité ; Croire en un Dieu trinitaire ; Le livre de Judith. - 64 p. - Titoli dalla copertina. 500 $aFÉVRIER 2009. 773 0 $t[2009.$dParis : Les Éditions du Cerf, 2009.$w()176995 996 $6245$aLe Mystère de la Trinité ; Croire en un Dieu trinitaire ; Le livre de Judith. - 64 p. - Titoli dalla copertina.$9(OLS)http://semarc/title/359559